[Event "POL-chT3 Dolnoslaskie 1415"]
[Site "Poland"]
[Date "2014.11.09"]
[Round "2.12"]
[White "Szydelko, Marcin"]
[Black "Lakomiec, Kazimierz"]
[Result "1/2-1/2"]
[WhiteElo "1944"]
[BlackElo "1973"]
[PlyCount "82"]
[EventDate "2014.10.26"]
[EventType "team-tourn"]
[EventRounds "11"]
[EventCountry "POL"]
[SourceTitle "EXT 2018"]
[Source "ChessBase"]
[SourceDate "2017.10.13"]
[SourceVersion "1"]
[SourceVersionDate "2017.10.13"]
[SourceQuality "1"]
[WhiteTeam "Radkow Giecek"]
[BlackTeam "Wisznia Mala OKSiR"]
[WhiteTeamCountry "POL"]
[BlackTeamCountry "POL"]

1. e4 e6 2. d4 d5 3. Nc3 dxe4 4. Nxe4 Nd7 5. Nf3 Ngf6 6. Bd3 Be7 7. c3 0-0 8. Qc2 b6 9. a4 Bb7 10. a5 c5 11. Be3 Rc8 12. dxc5 Bxe4 13. Bxe4 Bxc5 14. Bg5 Qc7 15. 0-0 bxa5 16. Rfd1 h6 17. Bh4 Bd6 18. Rd4 Bc5 19. Bg3 Qb6 20. Rda4 Nxe4 21. Rxe4 Qc6 22. Rxa5 Bb6 23. Ra1 Nf6 24. Ree1 Nd5 25. Ne5 Qb7 26. Qa4 Nf6 27. Nc4 Nd5 28. Nd6 Qe7 29. Nxc8 Rxc8 30. Be5 Qg5 31. Qe4 Nf6 32. Bxf6 Qxf6 33. Qf3 Qxf3 34. gxf3 Rc5 35. Re2 Rg5+ 36. Kh1 Rf5 37. Kg2 Rg5+ 38. Kh1 Rf5 39. Kg2 Rg5+ 40. Kf1 Rf5 41. Kg2 Rg5+ 1/2-1/2